The "Woman Question" in Russian Poland 1900-1914
| Titel: | The "Woman Question" in Russian Poland 1900-1914 |
|---|---|
| Verfasser: | |
| In: |
Journal of social history, Band 35, Heft 4 (2001 [2002]), Seite 799-824 alle Artikel anzeigen |
| Veröffentlicht: | 2001 [2002] |
| Format: | Aufsatz |
| Sprache: | Englisch |
X
alg: 39225844 001A $01999:11-11-16 001B $03025:12-06-23 $t10:21:53.000 001D $01999:11-11-16 001U $0utf8 001X $00 002@ $0Oox 003@ $0392258447 007A $0392258447 $aHEB 007T $0Herdc0024427m 009Q $uhttp://muse.jhu.edu/journals/journal%5Fof%5Fsocial%5Fhistory/v035/35.4blobaum.html $xH 010@ $aeng 011@ $a2002 $n2001 [2002] 021A $aThe @"Woman Question" in Russian Poland 1900-1914 028A $aBlobaum $dRobert E. 031A $d35 $e4 $h799-824 $j2001 [2002] 039B $aIn $8--Obvc--. Journal of social history. - Oxford : Oxford University Press, 1967-. - Online-Ressource. - ISSN 1527-1897 $x200100000350004201 $9092463754 045T $aROM $qDE-5 $2FID 045T $aROM $qDE-18 $2FID lok: 39225844 78 exp: 39225844 78 1 #EPN 201B/01 $019-04-17 $t11:07:44.000 201U/01 $0utf8 203@/01 $0788354841 208@/01 $a11-11-16 $be 209A/01 $a/ $f000 $x00 220C/01 $aTitelaufnehmer: ej;kh 244Z/01 $2Trx $#Poola $#Lenkija $#Polija $#Polen Land $#Poland $#Lengyelország $#Poľsko $#Polsko $8--Trx--Polska$gkraj $x01 $9391345966 244Z/01 $2Trx $#Venemaa $#Rusija $#Krievija $#Rußland $#Russia $#Oroszország $#Rosja $#Rusko $#Rusko $8--Trx--Rossija $x02 $9391166417 244Z/01 $aGeschichte 1900-1914 $x03 244Z/01 $2Trx $#sugukonnaajalugu juhtumi uurimised $#lyčių istorija case studies $#gender history case studies $#nemek története esettanulmányok $#gender studies $#dejiny pohlaví biografie $#dějiny pohlaví biografie $#gender studies $#Frauen $#kobiety $#dejiny žien $#dějiny žen $#ženy $8--Trx--Geschlechtergeschichte$gFallstudien $x04 $9391357239 244Z/01 $2Trx $#feminism $#feminizmas $#feminism $#feminizmus $#feminizm $#feminizmus $#feminismus $8--Trx--Feminismus $x05 $9391355864 244Z/01 $2Trx $8--Trx--Zeitschriftenaufsatz $x06 $9391384341 244Z/01 $2Trx $8--Trx--elektronische Ressource $x07 $939138452X 247C/01 $82080>Marburg/Lahn, Herder-Institut, Forschungsbibliothek, Bibliographieportal $9336309341
| LEADER | 00000caa a22000002c 4500 | ||
|---|---|---|---|
| 001 | 392258447 | ||
| 003 | DE-603 | ||
| 005 | 20230612102153.0 | ||
| 007 | cr|||||||||||| | ||
| 008 | 161111s2002 xx |||| o| u00||u|eng c | ||
| 035 | |a (DE-599)HEB392258447 | ||
| 040 | |a DE-603 |b ger |c DE-603 |d DE-603 | ||
| 041 | |a eng | ||
| 084 | |a ROM |q DE-5 |2 fid | ||
| 084 | |a ROM |q DE-18 |2 fid | ||
| 100 | 1 | |a Blobaum, Robert E. | |
| 245 | 0 | 0 | |a The "Woman Question" in Russian Poland 1900-1914 |
| 264 | 0 | |c 2001 [2002] | |
| 773 | 0 | 8 | |i In |t Journal of social history |d Oxford : Oxford University Press, 1967- |h Online-Ressource |x 1527-1897 |g Band 35, Heft 4 (2001 [2002]), Seite 799-824 |w (DE-603)092463754 |w (DE-600)2007084-6 |
| 856 | |u http://muse.jhu.edu/journals/journal%5Fof%5Fsocial%5Fhistory/v035/35.4blobaum.html |x Verlag | ||
| 924 | 1 | |9 2080 |a (DE-603)788354841 |b DE-2080 |c HES |d d |g / | |


